Highest mountains/points of each US state - Statistics

General Stats
  • This quiz has been taken 16 times
  • The average score is 11 of 50
Answer Stats
State Mountain Range Peak Elevation Prominence Answer % Correct
Alaska Alaska Range 20,310 ft (6,190 m) 20,156 ft (6,144 m) Denali
100%
Washington Cascades 14,410 ft (4,390 m) 13,210 ft (4,030 m) Mount Rainier
85%
California Sierra Nevada 14,505 ft (4,421 m) 10,075 ft (3,071 m Mount Whitney
77%
New Hampshire Appalachian Mountains (White (Presidential Range)) 6,288 ft (1,917 m) 6,148 ft (1,874 m) Mount Washington
69%
Hawaii Hawaiian Islands 13,803 ft (4,207.3 m) 13,803 ft (4,207.3 m) Mauna Kea
62%
Texas Guadalupe Mountains 8,751 ft (2,667 m) 3,029 ft (923 m) Guadalupe Peak
46%
Oregon Cascades 11,249 ft (3,429 m) 7,706 ft (2,349 m) Mount Hood
46%
Colorado Rocky Mountains 14438 ft (4401 m) 9,093 ft (2772 m) Mount Elbert
38%
North Carolina Appalachian Mountains (Blue Ridge Mountains (Black Mountains)) 6,684 ft (2,037 m) 6,089 ft (1,856 m) Mount Mitchell
38%
New Mexico Rocky Mountains (Sangre de Cristo Mountains) 13,167 ft (4,013 m) 3,409 ft (1,039 m) Wheeler Peak
38%
Montana Rocky Mountains (Beartooth mountains) 12,807 ft (3,904 m) 4,759 ft (1,451 m) Granite Peak
31%
Utah Rocky Mountains (Uinta Mountains) 13,528 ft (4,123 m) 6,348 ft (1,935 m) Kings Peak
31%
New York Adirondack Mountains 5,343 ft (1,629 m) 4917 ft (1499 m) Mount Marcy
31%
Idaho Rocky Mountains (Lost River Range) 12,662 ft (3,859 m) 5,982 ft (1,823 m) Borah Peak
23%
Wyoming Rocky Mountains (Wind River Range) 13,810 ft (4,210 m) 7,076 ft (2,157 m) Gannett Peak
23%
New Jersey Appalachian Mountains (Kittatinny Mountain) 1,804 ft (550 m) 883 ft (269 m) High Point
23%
Tennessee Appalachian Mountains (Blue Ridge Mountains (Great Smoky Mountains)) 6,644 ft (2,025 m) 4,503 ft (1,373 m) Kuwohi
23%
Pennsylvania Appalachian Mountains (Allegheny Mountains) 3,213 ft (979 m) 653 ft (199 m) Mount Davis
23%
Maine Appalachian Mountains 5,270 ft (1,610 m) 4,288 ft (1,307 m) Mount Katahdin
23%
Vermont Appalachian Mountains (Green Mountains) 4,395 ft (1,340 m) 3,633 ft (1,107 m) Mount Mansfield
23%
Kansas NOT A MOUNTAIN 4,039 ft (1,231 m) 19 ft (6 m) Mount Sunflower
23%
Kentucky Appalachian Mountains (Cumberland Mountains) 4,145 ft (1,263 m 1,905 ft (581 m) Black Mountain
15%
Nevada White Mountains 13,147 ft (4,007 m) 253 ft (77 m) Boundary Peak
15%
Georgia Appalachian Mountains (Blue Ridge Mountains) 4,784 ft (1,458 m) 2,108 ft (643 m) Brasstown Bald
15%
Florida N/A 345 ft (105 m) 65 ft (20 m) Britton Hill
15%
Illinois N/A 1,235 ft (376 m) 95 ft (29 m) Charles Mound
15%
Maryland Appalachian Mountains (Allegheny Mountains) >3360 ft (>1024 m) 80 ft (24 m) Hoye-Crest, Backbone Mountain
15%
Nevada San Francisco Peaks 12,633 ft (3,851 m) 6,039 ft (1,841 m) Humphreys Peak
15%
Massachusetts Appalachian Mountains (Taconic Mountains) 3,489 ft (1,063 m) 2,463 ft (751 m) Mount Greylock
15%
Arkansas Ouachita Mountains 2,753 ft (839 m) 2,143 ft (653 m) Mount Magazine
15%
Nebraska NOT A MOUNTAIN 5,429 ft (1,655 m) 26 ft (8 m) Panorama Point
15%
West Virginia Appalachian Mountains (Allegheny Mountains) 4,863 ft (1,482 m) 2784 ft (849 m) Spruce Mountain
15%
South Dakota Black Hills 7,244 ft (2,208 m) 2,922 ft (891 m) Black Elk Peak
8%
Oklahoma NOT A MOUNTAIN 4,973 ft (1,516 m) ~ 0 ft (0 m) Black Mesa
8%
Alabama Appalachian Mountains (Ridge-and-Valley) 2,413 ft (735 m) 1,445 ft (440 m) Cheaha Mountain
8%
Minnesota Misquah Hills 2,301 ft (701 m) 1,321 ft (403 m) Eagle Mountain
8%
Delaware N/A 448 ft (137 m) 32 ft (10 m) Ebright Azimuth
8%
Rhode Island Appalachians 811 ft (247 m) 192 ft (59 m) Jerimoth Hill
8%
Connecticut Appalachian Mountains (Taconic Mountains) 2,386 ft (727 m) at Connecticut-Massachussets border (with the mountain's peak inside Massachussetts at 2,454 ft) 0 ft (0 m) (781 ft (238 m) for the mountain itself) Mount Frissell
8%
Virginia Appalachian Mountains (Blue Ridge Mountains) 5,729 ft (1,746 m) 2,449 ft (746 m) Mount Rogers
8%
North Dakota Badlands 3,508 ft (1,069 m) 546 ft (166 m) White Butte
8%
Ohio Bellefontaine Outlier 1,549.09 ft (472.16 m) 639 ft (195 m) Campbell Hill
0%
Louisiana N/A 535 ft (163 m) 225 ft (69 m) Driskill Mountain
0%
Iowa NOT A MOUNTAIN 1,670 ft (510 m) 40 ft (12 m) Hawkeye Point
0%
Indiana N/A 1,257 ft (383 m) 297 ft (91 m) Hoosier Hill
0%
Michigan Huron Mountains 1,979 ft (603 m) 948 ft (289 m) Mount Arvon
0%
South Carolina Appalachian Mountains (Blue Ridge Mountains) 3,554 ft (1,083 m) 777 ft (237 m) Sassafras Mountain
0%
Missouri Saint Francois Mountains, Ozarks 1,772 ft (540 m) 512 ft (156 m) Taum Sauk Mountain
0%
Wisconsin N/A 1,952 ft (595 m) 425 ft (130 m) Timms Hill
0%
Mississippi N/A 806 ft (246 m) 296 ft (90 m) Woodall Mountain
0%
No matching quizzes found
Score Distribution
Percent of People with Each Score
Percentile by Number Answered
Your Score History
You have not taken this quiz